An introduction to the mechanics of solids
Zapisane w:
| Główni autorzy: | , , , , , , , |
|---|---|
| Format: | Książka |
| Język: | angielski |
| Wydane: |
Nueva York
McGraw-Hill
1978
|
| Wydanie: | 2a. ed |
| Hasła przedmiotowe: | |
| Etykiety: |
Dodaj etykietę
Nie ma etykietki, Dołącz pierwszą etykiete!
|
MARC
| LEADER | 00000nam a2200000 a 4500 | ||
|---|---|---|---|
| 001 | UCP0909 | ||
| 003 | CL-VaPUC | ||
| 008 | 990319e19780000US |||||||||||||||||eng|d | ||
| 082 | 0 | 4 | |a 620.105 |b ARC |2 21 |
| 100 | 0 | |a Archer, Robert R |e author |9 426561 | |
| 700 | 0 | |a Crandall, Stephen H |e author |9 426562 | |
| 700 | 0 | |a Dahl, Norman C |e author |9 426563 | |
| 700 | 0 | |a Cook, Nathan H |e author |9 426564 | |
| 700 | |a Lardner, Thomas J |e author |9 426565 | ||
| 700 | 0 | |a McClintock, Frank A |e author |9 426566 | |
| 700 | 0 | |a Rabinowicz, Ernest |e author |9 426567 | |
| 700 | 0 | |a Reichenbach, George S |e author |9 426568 | |
| 245 | 1 | 3 | |a An introduction to the mechanics of solids |
| 250 | |a 2a. ed | ||
| 300 | |a 628 p | ||
| 942 | |c BK | ||
| 945 | |d 19990319 00:00:00 |a lriquelm | ||
| 260 | |a Nueva York |b McGraw-Hill |c 1978 | ||
| 650 | 0 | |a Mecánica aplicada |9 260187 | |
| 650 | 0 | |a Sólidos |9 260188 | |
| 650 | 7 | |a ESFUERZOS |2 CL-VaPUC |9 426569 | |
| 650 | 7 | |a DEFORMACION |2 CL-VaPUC |9 320093 | |
| 650 | 7 | |a TENSION |2 CL-VaPUC |9 362336 | |
| 650 | 7 | |a DEFLEXION |2 CL-VaPUC |9 426472 | |
| 583 | |a last modification |c 19990319 00:00:00 |k Rodrigo Vera | ||
| 999 | |c 279643 |d 279641 | ||
| 952 | |0 0 |1 0 |4 0 |6 620_105000000000000_ARC_1978 |7 0 |8 P |9 319263 |a BIBMEC |b BIBMEC |d 2019-11-20 |i 1329111 |o 620.105 ARC 1978 |p 1329111 |r 2019-11-20 |w 2019-11-20 |y BK |k MEC | ||